banner-ar

الحج للاماكن المقدسة بالقدس للمسيحيين والمسلمين واليهود / (Record no. 9292)

MARC details
000 -الفاتح
حقل البيانات ثابتة الطول 00634nam a2200169Ia 4500
008 - عناصر البيانات ثابتة الطول - معلومات عامة
حقل البيانات ثابتة الطول 140319s9999 xx 000 0 ara d
040 ## - مصدر الفهرسة
وكالة الفهرسة الأصلية GCL /
وكالة النسخ GCL
082 04 - رقم تصنيف ديوى العشرى
رقم التصنيف 291.35
رقم المادة ن ح
100 1# - المدخل الرئيسى - إسم شخصى
الإسم الشخصى نبيل لوقا بباوى
245 10 - بيان العنوان
العنوان الحج للاماكن المقدسة بالقدس للمسيحيين والمسلمين واليهود /
بيان المسئوليه,etc نبيل لوقا بباوى
300 ## - الوصف المادى
التعداد 190 ص ؛
أبعاد الوعاء 24 سم
650 04 - المدخل الاضافى بالموضوع-مصطلح موضوعى
مصطلح موضوعي الحج - ديانات مقارنة
650 04 - المدخل الاضافى بالموضوع-مصطلح موضوعى
مصطلح موضوعي الاماكن المقدسة - ديانات مقارنة
942 ## - عناصر المدخل الإضافي( كوها)
مصدر التصنيف او مخطط الترفيف Dewey Decimal Classification
Koha [default] item type كتاب
260 ## - PUBLICATION, DISTRIBUTION, ETC. (IMPRINT)
-- القاهرة :
-- دار البباوى للنشر
Holdings
حالة التراجع حالة الفقد حالة تلف ليس للاعارة المكان المؤقت الموقع الحالى تاريخ الاكتساب اجمالي اﻻعارات رقم الطلب الباركود تاريخ اخر مشاهدة تاريخ تفعيل السعر نوع وعاء كوها
        مكتبة القاهرة الكبرى مكتبة القاهرة الكبرى 03/26/2014   291.35\ن ح 19414 03/26/2014 03/26/2014 كتاب
        مكتبة القاهرة الكبرى مكتبة القاهرة الكبرى 03/26/2014   291.35\ن ح 19415 03/26/2014 03/26/2014 كتاب
        مكتبة القاهرة الكبرى مكتبة القاهرة الكبرى 03/26/2014   291.35\ن ح 19416 03/26/2014 03/26/2014 كتاب

Powered By

EGPV